[Event "Mercredi 2013.04.03 ABCD"]
[Site "Montreal"]
[Date "2013.04.10"]
[Round "2"]
[White "Dumouchel, Alain"]
[Black "Gilniat, Goeffrey"]
[Result "1-0"]
[WhiteElo "1919"]
[BlackElo "1989"]
[PlyCount "67"]
[EventDate "2013.04.03"]
[EventRounds "5"]
[EventCountry "CAN"]
[SourceDate "2005.09.12"]

1. e4 d6 2. d4 Nf6 3. Nc3 g6 4. Nf3 Bg7 5. h3 c6 6. a4 Nbd7 7. Be3 O-O 8. Be2
e5 9. O-O Re8 10. Re1 exd4 11. Bxd4 Nxe4 12. Bxg7 Kxg7 13. Nxe4 Rxe4 14. Qxd6
Qf6 15. Qa3 Ne5 16. Rad1 Bf5 17. Bf1 Nxf3+ 18. Qxf3 Rxe1 19. Rxe1 Bxc2 20. Qa3
Rd8 21. Qc5 Rd2 22. Re8 Qd6 23. Qc3+ Qd4 24. Bc4 Qxc3 25. bxc3 Rd7 26. a5 h5
27. f4 Kf6 28. g4 hxg4 29. hxg4 b5 30. axb6 axb6 31. Kf2 Bd3 32. g5+ Kf5 33.
Kg3 f6 34. Be6+ 1-0

[Event "Mercredi 2013.04.03 ABCD"]
[Site "Montreal"]
[Date "2013.04.22"]
[Round "2"]
[White "Gates, Claude-Eric"]
[Black "Gauthier, Luc"]
[Result "0-1"]
[WhiteElo "1712"]
[BlackElo "1737"]
[PlyCount "64"]
[EventDate "2013.04.03"]
[EventRounds "5"]
[EventCountry "CAN"]
[SourceDate "2005.09.12"]

1. e4 Nf6 2. e5 Nd5 3. Nf3 d6 4. d4 Bg4 5. Be2 c6 6. O-O Bxf3 7. Bxf3 dxe5 8.
dxe5 e6 9. a3 Qc7 10. c4 Ne7 11. Re1 Ng6 12. b3 Nd7 13. Bb2 Ndxe5 14. Be4 Rd8
15. Qc2 Ng4 16. g3 Bc5 17. Rf1 Bxf2+ 18. Rxf2 Ne3 19. Bxg7 Nxc2 20. Bxc2 Rg8
21. Bc3 Qb6 22. Nd2 Qe3 23. Ne4 Nf4 24. Nf6+ Ke7 25. Nxg8+ Rxg8 26. Be1 Nh3+
27. Kg2 Nxf2 28. Bxf2 Qc3 29. Ra2 Rd8 30. Bxh7 Qxb3 31. Ra1 Rd2 32. h4 Rxf2+
0-1

[Event "Mercredi 2013.04.03 ABCD"]
[Site "Montreal"]
[Date "2013.04.10"]
[Round "2"]
[White "Heredia, Jose"]
[Black "Bergeron, Rene"]
[Result "1/2-1/2"]
[WhiteElo "1778"]
[BlackElo "1733"]
[PlyCount "90"]
[EventDate "2013.04.03"]
[EventRounds "5"]
[EventCountry "CAN"]
[SourceDate "2005.09.12"]

1. e4 c5 2. Nf3 e6 3. d4 d5 4. Bb5+ Bd7 5. Qe2 dxe4 6. Bxd7+ Nxd7 7. Qxe4 Qb6
8. O-O Ngf6 9. dxc5 Bxc5 10. Qe2 O-O 11. Nc3 Bd6 12. b3 Rac8 13. Bb2 a6 14. Na4
Qc7 15. c4 Ng4 16. h3 Nge5 17. Nxe5 Bxe5 18. Rfd1 Bxb2 19. Nxb2 Rfd8 20. Rd2
Nf6 21. Rad1 Rxd2 22. Qxd2 h6 23. Qd6 Qxd6 24. Rxd6 Ne4 25. Rd7 b5 26. cxb5
axb5 27. f3 Rc1+ 28. Rd1 Rc2 29. fxe4 Rxb2 30. Rd8+ Kh7 31. Ra8 Kg6 32. a4 Rxb3
33. axb5 Rxb5 34. Kf2 Kf6 35. Ra7 h5 36. h4 g5 37. hxg5+ Rxg5 38. g3 Rb5 39.
Kf3 Kg6 40. Ra6 Kg5 41. Ra8 Rb3+ 42. Kf2 Kg4 43. Rg8+ Kh3 44. Rh8 Rb5 45. Rh7
f5 1/2-1/2

[Event "Mercredi 2013.04.03 ABCD"]
[Site "Montreal"]
[Date "2013.04.19"]
[Round "2"]
[White "Leveille, Francois"]
[Black "Levkovsky, Alexandre"]
[Result "0-1"]
[WhiteElo "2331"]
[BlackElo "2252"]
[PlyCount "78"]
[EventDate "2013.04.03"]
[EventRounds "5"]
[EventCountry "CAN"]
[SourceDate "2005.09.12"]

1. Nf3 Nf6 2. c4 e6 3. g3 b6 4. Bg2 Bb7 5. O-O c5 6. Nc3 Be7 7. Re1 d5 8. cxd5
exd5 9. d4 O-O 10. Bf4 a6 11. dxc5 Bxc5 12. Be5 Qe7 13. Bd4 Nc6 14. Bxc5 Qxc5
15. Na4 Qd6 16. e4 Rae8 17. exd5 Nb4 18. Rxe8 Rxe8 19. Nh4 Nbxd5 20. Qd4 Qe5
21. Qxe5 Rxe5 22. Nxb6 Nxb6 23. Bxb7 a5 24. Rd1 Kf8 25. Nf3 Re2 26. Rd2 Rxd2
27. Nxd2 Ke7 28. Ba6 Nfd5 29. Bd3 Nb4 30. Bb1 Kd6 31. Kf1 Kc5 32. Nb3+ Kb5 33.
a3 a4 34. Nd4+ Kc4 35. Nf5 Kb3 36. Nxg7 Kxb2 37. Bxh7 Kxa3 38. Bg8 Kb2 39. Bxf7
a3 0-1

[Event "Mercredi 2013.04.03 ABCD"]
[Site "Montreal"]
[Date "2013.04.10"]
[Round "2"]
[White "Lopez, Lizandro"]
[Black "Tremblay, Alain"]
[Result "1/2-1/2"]
[WhiteElo "2061"]
[BlackElo "2104"]
[PlyCount "63"]
[EventDate "2013.04.03"]
[EventRounds "5"]
[EventCountry "CAN"]
[SourceDate "2005.09.12"]

1. d4 d5 2. c4 c6 3. Nf3 Nf6 4. Nc3 dxc4 5. a4 Na6 6. e4 Bg4 7. Bxc4 e6 8. Be3
Nb4 9. a5 b5 10. axb6 axb6 11. Rxa8 Qxa8 12. O-O Be7 13. Qb3 Bxf3 14. gxf3 O-O
15. Rd1 Rd8 16. f4 Qb7 17. Be2 h6 18. Bf3 Qa6 19. h3 Qc8 20. Kh2 Qc7 21. Kg2
Qb7 22. h4 Qa6 23. h5 Qa5 24. Qc4 c5 25. d5 exd5 26. exd5 Bd6 27. Nb5 Ne8 28.
Bd2 Qa4 29. Qe2 Bf8 30. Bc3 Nd6 31. Nxd6 Bxd6 32. Re1 1/2-1/2

[Event "Mercredi 2013.04.03 ABCD"]
[Site "Montreal"]
[Date "2013.04.10"]
[Round "2"]
[White "Luo, Zhao Yang"]
[Black "Marchand, Jacques"]
[Result "1-0"]
[WhiteElo "2054"]
[BlackElo "2041"]
[PlyCount "67"]
[EventDate "2013.04.03"]
[EventRounds "5"]
[EventCountry "CAN"]
[SourceDate "2005.09.12"]

1. d4 Nf6 2. Nf3 e6 3. e3 b6 4. Bd3 Bb7 5. O-O Be7 6. b3 O-O 7. Bb2 d5 8. Ne5
c5 9. Nd2 Nbd7 10. Qf3 Qc7 11. Qh3 Nxe5 12. dxe5 Ne4 13. Rfd1 h6 14. Bxe4 dxe4
15. Qg4 Qc6 16. Nc4 Rad8 17. Nd6 Ba8 18. a4 Rd7 19. Rd2 Bxd6 20. Rxd6 Qc7 21.
Rad1 Rfd8 22. R1d2 Bc6 23. h3 g6 24. Qh4 Kh7 25. Qf6 Kg8 26. h4 Re8 27. h5 Qd8
28. hxg6 Qxf6 29. exf6 Red8 30. Rxd7 Rxd7 31. Rxd7 Bxd7 32. g7 b5 33. axb5 Bxb5
34. c4 1-0

[Event "Mercredi 2013.04.03 ABCD"]
[Site "Montreal"]
[Date "2013.04.10"]
[Round "2"]
[White "Munshi, Shawkat"]
[Black "Trottier, Luc"]
[Result "1-0"]
[WhiteElo "1630"]
[BlackElo "1613"]
[PlyCount "57"]
[EventDate "2013.04.03"]
[EventRounds "5"]
[EventCountry "CAN"]
[SourceDate "2005.09.12"]

1. Nf3 f5 2. e3 Nf6 3. d4 e6 4. c4 Be7 5. Bd3 O-O 6. O-O d6 7. Qc2 Nc6 8. a3
Qe8 9. Nbd2 Qh5 10. h3 e5 11. dxe5 dxe5 12. e4 fxe4 13. Nxe4 Nxe4 14. Bxe4 Bxh3
15. gxh3 Rxf3 16. Bxf3 Qxf3 17. Qc3 Qf5 18. Qg3 Nd4 19. Qg4 Qd3 20. Be3 Qxc4
21. Bxd4 Qxd4 22. Qe6+ Kf8 23. Rad1 Qxb2 24. Rd7 Qxa3 25. Rfd1 Qc5 26. R1d3 a5
27. Rf3+ Ke8 28. Rf7 Ra6 29. Rdxe7+ 1-0

[Event "Mercredi 2013.04.03 ABCD"]
[Site "Montreal"]
[Date "2013.04.10"]
[Round "2"]
[White "Rondon, Luciano"]
[Black "Nardone, Raul"]
[Result "1/2-1/2"]
[WhiteElo "1914"]
[BlackElo "1895"]
[PlyCount "40"]
[EventDate "2013.04.03"]
[EventRounds "5"]
[EventCountry "CAN"]
[SourceDate "2005.09.12"]

1. d4 d5 2. Nf3 c6 3. c4 e6 4. Nc3 Bb4 5. g3 Be7 6. e3 f5 7. cxd5 cxd5 8. Bd3
Nf6 9. O-O O-O 10. Ne5 Bd7 11. Qb3 Nc6 12. Nxc6 Bxc6 13. Bd2 Ne4 14. Qd1 Bd6
15. f4 Kh8 16. Nxe4 dxe4 17. Bc4 Bd5 18. Bxd5 exd5 19. Bb4 Rf6 20. Bxd6 Rxd6
1/2-1/2

[Event "Mercredi 2013.04.03 ABCD"]
[Site "Montreal"]
[Date "2013.04.10"]
[Round "2"]
[White "Saha, Ananda"]
[Black "Millette, Sylvain"]
[Result "1-0"]
[WhiteElo "1788"]
[BlackElo "1872"]
[PlyCount "51"]
[EventDate "2013.04.03"]
[EventRounds "5"]
[EventCountry "CAN"]
[SourceDate "2005.09.12"]

1. d4 Nf6 2. c4 g6 3. Nc3 d5 4. cxd5 Nxd5 5. e4 Nxc3 6. bxc3 c5 7. Nf3 Bg7 8.
Be2 O-O 9. O-O cxd4 10. cxd4 Nc6 11. Be3 Bg4 12. Rb1 Bxf3 13. Bxf3 Nxd4 14.
Bxd4 Bxd4 15. Rxb7 e5 16. Qa4 Rb8 17. Rd7 Qb6 18. Bd1 Rfd8 19. Bb3 Rxd7 20.
Qxd7 Qf6 21. Qc7 Rb5 22. Kh1 Rc5 23. Qxa7 Qxf2 24. Bxf7+ Kh8 25. Qa6 Qd2 26.
Qf6# 1-0

[Event "Mercredi 2013.04.03 ABCD"]
[Site "Montreal"]
[Date "2013.04.17"]
[Round "3"]
[White "Bergeron, Rene"]
[Black "Munshi, Shawkat"]
[Result "0-1"]
[WhiteElo "1733"]
[BlackElo "1630"]
[PlyCount "122"]
[EventDate "2013.04.03"]
[EventRounds "5"]
[EventCountry "CAN"]
[SourceDate "2005.09.12"]

1. c4 Nf6 2. Nc3 c5 3. Nf3 e6 4. g3 b6 5. Bg2 Bb7 6. O-O Be7 7. a3 O-O 8. Rb1
d6 9. b4 Nbd7 10. d4 cxd4 11. Qxd4 e5 12. Qd2 Ne4 13. Nxe4 Bxe4 14. Ra1 Rc8 15.
Qc3 d5 16. Nd2 Bxg2 17. Kxg2 dxc4 18. Bb2 b5 19. Kg1 Nb6 20. Ne4 f6 21. Rad1
Qc7 22. Qf3 Rfd8 23. Nc3 a6 24. Qf5 Rxd1 25. Rxd1 Rd8 26. Qe6+ Kf8 27. Rxd8+
Qxd8 28. Bc1 Qd6 29. Qf5 Qd4 30. Be3 Qxc3 31. Bxb6 Qxa3 32. Qc8+ Kf7 33. Bc5
Bxc5 34. bxc5 Qa1+ 35. Kg2 Qd4 36. c6 b4 37. Qb7+ Kg6 38. c7 c3 39. c8=Q h5 40.
Qe8+ Kh6 41. Qef7 Qg4 42. f3 Qg5 43. Qxb4 c2 44. f4 exf4 45. Qb2 f3+ 46. Kxf3
c1=Q 47. Qfb3 Qh1+ 48. Kf2 Qxh2+ 49. Kf1 Qf5+ 50. Ke1 Qff2+ 51. Kd1 Qhg1+ 52.
Kd2 Qge1+ 53. Kd3 Qxg3+ 54. Kd4 Qe5+ 55. Kd3 Q1g3+ 56. Kd2 Qd6+ 57. Qd3 Qdxd3+
58. exd3 Qh2+ 59. Kc3 Qxb2+ 60. Kxb2 Kg6 61. Kc3 Kf7 0-1

[Event "Mercredi 2013.04.03 ABCD"]
[Site "Montreal"]
[Date "2013.04.17"]
[Round "3"]
[White "Boudreau, Daniel"]
[Black "Dumouchel, Alain"]
[Result "1-0"]
[WhiteElo "2085"]
[BlackElo "1919"]
[PlyCount "56"]
[EventDate "2013.04.03"]
[EventRounds "5"]
[EventCountry "CAN"]
[SourceDate "2005.09.12"]

1. e4 e5 2. Bc4 Bc5 3. Nf3 Nc6 4. c3 Nf6 5. d3 d6 6. h3 Bb6 7. Bb3 Ne7 8. Nbd2
a6 9. Nf1 Ng6 10. Bg5 h6 11. Be3 Ba7 12. Qd2 d5 13. exd5 Nxd5 14. Bxa7 Rxa7 15.
Ne3 Ndf4 16. O-O-O O-O 17. Nc4 Bf5 18. Ncxe5 Qf6 19. d4 c5 20. g3 Nxh3 21. Nxg6
Bxg6 22. Ne5 Ng5 23. Nxg6 Qxg6 24. dxc5 Ne4 25. Qe3 Raa8 26. Bc2 f5 27. g4 Qg5
28. f4 Qe7 1-0

[Event "Mercredi 2013.04.03 ABCD"]
[Site "Montreal"]
[Date "2013.04.17"]
[Round "3"]
[White "Gauthier, Luc"]
[Black "Heredia, Jose"]
[Result "1/2-1/2"]
[WhiteElo "1737"]
[BlackElo "1778"]
[PlyCount "89"]
[EventDate "2013.04.03"]
[EventRounds "5"]
[EventCountry "CAN"]
[SourceDate "2005.09.12"]

1. e4 c6 2. d4 d5 3. exd5 cxd5 4. Bd3 Nc6 5. c3 Qc7 6. Ne2 Bg4 7. f3 Bd7 8. Bf4
e5 9. Bg3 Bd6 10. Na3 a6 11. Nc2 Nge7 12. dxe5 Nxe5 13. Ncd4 h5 14. Bc2 h4 15.
Bf2 O-O-O 16. a4 b6 17. b4 Nc4 18. Bd3 Bxh2 19. Qb3 Bg3 20. Bxc4 dxc4 21. Qa2
Bxf2+ 22. Kxf2 Nf5 23. Nxf5 Bxf5 24. Nd4 Qg3+ 25. Kg1 Bd3 26. Qf2 Kd7 27. Rd1
Qxf2+ 28. Kxf2 Rde8 29. Rd2 Kc7 30. Rdd1 g5 31. Rhe1 Rxe1 32. Rxe1 Kd7 33. Re5
Rg8 34. a5 Kd6 35. Re1 b5 36. Re3 Rh8 37. Re1 Rg8 38. Re3 g4 39. fxg4 Rxg4 40.
Re8 Be4 41. Rd8+ Kc7 42. Rh8 Bd5 43. Nf3 Kd6 44. Rh6+ Rg6 45. Rxh4 1/2-1/2

[Event "Mercredi 2013.04.03 ABCD"]
[Site "Montreal"]
[Date "2013.04.17"]
[Round "3"]
[White "Gilniat, Goeffrey"]
[Black "Luo, Zhao Yang"]
[Result "0-1"]
[WhiteElo "1989"]
[BlackElo "2054"]
[PlyCount "117"]
[EventDate "2013.04.03"]
[EventRounds "5"]
[EventCountry "CAN"]
[SourceDate "2005.09.12"]

1. e4 c6 2. d4 d5 3. e5 c5 4. c3 Nc6 5. Bb5 Bf5 6. Bxc6+ bxc6 7. Nd2 e6 8. Ne2
Qb6 9. O-O Nh6 10. Nf3 Bg4 11. Bxh6 gxh6 12. dxc5 Bxc5 13. b4 Be7 14. Ng3 h5
15. Qd3 h4 16. Ne2 Bf5 17. Qd4 Rg8 18. Qxb6 axb6 19. Nfd4 Bh3 20. Nf4 Bxg2 21.
Nxg2 h3 22. Nxc6 Rxg2+ 23. Kh1 Ra3 24. Nxe7 Kxe7 25. Rg1 Rxf2 26. Rg3 Raxa2 27.
Rxa2 Rxa2 28. Rxh3 Re2 29. Rxh7 Rxe5 30. Rh3 Rg5 31. Rh8 Kd6 32. h4 Rg3 33. h5
Ke5 34. h6 Kf6 35. Kh2 Rg6 36. Kh3 Rg1 37. Kh2 Rg5 38. Kh3 Kg6 39. h7 Rh5+ 40.
Kg4 Rxh7 41. Rb8 Rh1 42. Rxb6 Rc1 43. Rc6 d4 44. b5 dxc3 45. b6 Rb1 46. Rxc3
Rxb6 47. Rc8 Rb4+ 48. Kf3 f5 49. Ra8 Kf6 50. Ra5 Rb6 51. Kf2 e5 52. Ra8 Kg5 53.
Re8 Kf4 54. Ra8 Rb2+ 55. Ke1 e4 56. Rf8 Ke3 57. Kf1 f4 58. Rf7 f3 59. Rf8 0-1

[Event "Mercredi 2013.04.03 ABCD"]
[Site "Montreal"]
[Date "2013.04.26"]
[Round "3"]
[White "Levkovsky, Alexandre"]
[Black "Lopez, Lizandro"]
[Result "1-0"]
[WhiteElo "2252"]
[BlackElo "2061"]
[PlyCount "55"]
[EventDate "2013.04.03"]
[EventRounds "5"]
[EventCountry "CAN"]
[SourceDate "2005.09.12"]

1. e4 c6 2. d4 d5 3. e5 Bf5 4. Nd2 e6 5. Nb3 Nd7 6. Nf3 Rc8 7. Be3 a6 8. Be2 h6
9. O-O Ne7 10. Nh4 Bh7 11. f4 Nf5 12. Nxf5 Bxf5 13. g4 Be4 14. Bd3 Qh4 15. Bxe4
dxe4 16. f5 exf5 17. Rxf5 Qh3 18. Qe2 h5 19. Rxh5 Rxh5 20. gxh5 c5 21. c3 f5
22. exf6 Nxf6 23. Bf4 cxd4 24. Nxd4 Bc5 25. Be5 Qg4+ 26. Qxg4 Nxg4 27. Bxg7 Kf7
28. h6 1-0

[Event "Mercredi 2013.04.03 ABCD"]
[Site "Montreal"]
[Date "2013.04.17"]
[Round "3"]
[White "Marchand, Jacques"]
[Black "Cloutier, Mathieu"]
[Result "0-1"]
[WhiteElo "2041"]
[BlackElo "2045"]
[PlyCount "48"]
[EventDate "2013.04.03"]
[EventRounds "5"]
[EventCountry "CAN"]
[SourceDate "2005.09.12"]

1. Nf3 c5 2. g3 g6 3. Bg2 Bg7 4. d3 Nf6 5. e4 d6 6. O-O Nc6 7. c3 O-O 8. Nbd2
Rb8 9. a4 a6 10. Nc4 b5 11. axb5 axb5 12. Ne3 b4 13. Qc2 Bd7 14. Re1 Ne8 15.
Nd2 bxc3 16. bxc3 Nb4 17. cxb4 Bxa1 18. bxc5 dxc5 19. Nb3 Ba4 20. Qa2 Bc3 21.
Nd2 Bb3 22. Qa3 Bxd2 23. Bxd2 Qxd3 24. Qb2 Nf6 0-1

[Event "Mercredi 2013.04.03 ABCD"]
[Site "Montreal"]
[Date "2013.04.17"]
[Round "3"]
[White "Millette, Sylvain"]
[Black "Rondon, Luciano"]
[Result "1/2-1/2"]
[WhiteElo "1872"]
[BlackElo "1914"]
[PlyCount "61"]
[EventDate "2013.04.03"]
[EventRounds "5"]
[EventCountry "CAN"]
[SourceDate "2005.09.12"]

1. Nf3 Nf6 2. g3 c5 3. Bg2 g6 4. c4 Nc6 5. Nc3 Bg7 6. O-O O-O 7. b3 d6 8. Bb2
e6 9. d4 cxd4 10. Nxd4 Nxd4 11. Qxd4 d5 12. Rfd1 e5 13. Qd2 d4 14. Nd5 Rb8 15.
e3 dxe3 16. Qxe3 Re8 17. Qxa7 Bf5 18. Bxe5 Rxe5 19. Nxf6+ Bxf6 20. Rxd8+ Rxd8
21. Qxb7 Rd2 22. Qf3 Ree2 23. Rf1 Bd4 24. h4 h5 25. Qf4 Be5 26. Qf3 Bg4 27. Qb7
Bd4 28. Qb8+ Kg7 29. Qf4 Be5 30. Qxd2 Rxd2 31. c5 1/2-1/2

[Event "Mercredi 2013.04.03 ABCD"]
[Site "Montreal"]
[Date "2013.04.17"]
[Round "3"]
[White "Ostaci, Liviu"]
[Black "Saha, Ananda"]
[Result "1-0"]
[WhiteElo "1854"]
[BlackElo "1788"]
[PlyCount "130"]
[EventDate "2013.04.03"]
[EventRounds "5"]
[EventCountry "CAN"]
[SourceDate "2005.09.12"]

1. d4 d5 2. Nf3 Nf6 3. Bg5 e6 4. e3 Be7 5. c4 O-O 6. Nc3 Nbd7 7. Rc1 h6 8. Bh4
Re8 9. Qc2 c6 10. Bd3 dxc4 11. Bxc4 b5 12. Bb3 Bb7 13. O-O a5 14. a4 b4 15. Ne2
Rc8 16. Rfd1 c5 17. Qb1 Bxf3 18. gxf3 Nh7 19. Bg3 Qb6 20. Bc4 Ndf6 21. b3 Ng5
22. Kg2 cxd4 23. Nxd4 Bc5 24. h4 Ngh7 25. Rd3 e5 26. Ne2 e4 27. fxe4 Nxe4 28.
Rcd1 Nhf6 29. Qb2 Ng4 30. Rd7 Rf8 31. Kf3 Nxg3 32. Nxg3 Nf6 33. R7d3 Qc6+ 34.
Ke2 Qg2 35. Qe5 Qh3 36. Qf4 Qg4+ 37. Qxg4 Nxg4 38. Rd7 Ne5 39. Rb7 Nxc4 40.
bxc4 Rb8 41. Rdd7 Rxb7 42. Rxb7 Bd6 43. Ne4 Bh2 44. Kd3 Rd8+ 45. Kc2 Ra8 46.
Kb3 f5 47. Ng3 Bxg3 48. fxg3 Re8 49. c5 Rxe3+ 50. Kc4 Rc3+ 51. Kd5 b3 52. c6
Rd3+ 53. Ke6 Re3+ 54. Kxf5 g6+ 55. Kxg6 Re6+ 56. Kh5 Rxc6 57. Rxb3 Ra6 58. Rb5
Kf7 59. g4 Kg7 60. Rb7+ Kg8 61. g5 hxg5 62. hxg5 Rc6 63. Ra7 Rc5 64. Kh6 Rd5
65. g6 Kf8 1-0

[Event "Mercredi 2013.04.03 ABCD"]
[Site "Montreal"]
[Date "2013.04.17"]
[Round "3"]
[White "Tremblay, Alain"]
[Black "Cardin, Guillaume"]
[Result "1/2-1/2"]
[WhiteElo "2104"]
[BlackElo "2077"]
[PlyCount "116"]
[EventDate "2013.04.03"]
[EventRounds "5"]
[EventCountry "CAN"]
[SourceDate "2005.09.12"]

1. c4 g6 2. Nc3 Nf6 3. g3 Bg7 4. Bg2 c5 5. d3 d6 6. a3 Nc6 7. Rb1 a5 8. h3 Be6
9. Nf3 h6 10. e4 Rb8 11. Bd2 O-O 12. O-O Qd7 13. Kh2 Nh5 14. Nh4 Kh7 15. f4 Qc8
16. f5 Be5 17. Be1 Bd7 18. Qg4 Nf6 19. fxg6+ Kg7 20. Nf5+ Bxf5 21. Qxf5 Qxf5
22. exf5 fxg6 23. Nb5 Nh5 24. fxg6 Rxf1 25. Bxf1 Kxg6 26. Bg2 Rg8 27. Bf3 Ng7
28. Kg2 Kf6 29. Bf2 Ne6 30. Bg4 h5 31. Bxe6 Kxe6 32. Re1 Kd7 33. b3 a4 34. bxa4
Bxg3 35. Bxg3 h4 36. Re3 Rxg3+ 37. Rxg3 hxg3 38. h4 Ne5 39. h5 Ke6 40. Nc7+ Kf5
41. h6 Kg6 42. Nd5 e6 43. Nf4+ Kxh6 44. Nxe6 Nxd3 45. Nd8 b6 46. Nf7+ Kg6 47.
Nxd6 Nb2 48. a5 bxa5 49. Kxg3 Kf6 50. Kf4 Ke6 51. Ne4 Nxc4 52. Nxc5+ Kd5 53.
Na4 Kd4 54. Kf3 Nxa3 55. Ke2 Nb1 56. Kd1 Kc4 57. Kc2 Na3+ 58. Kb2 Nb5 1/2-1/2

[Event "Mercredi 2013.04.03 ABCD"]
[Site "Montreal"]
[Date "2013.04.17"]
[Round "3"]
[White "Trottier, Luc"]
[Black "Gates, Claude-Eric"]
[Result "1/2-1/2"]
[WhiteElo "1613"]
[BlackElo "1712"]
[PlyCount "96"]
[EventDate "2013.04.03"]
[EventRounds "5"]
[EventCountry "CAN"]
[SourceDate "2005.09.12"]

1. d4 Nf6 2. c4 e6 3. Nc3 Bb4 4. e3 b6 5. Bd3 Bb7 6. Nf3 Ne4 7. Qc2 f5 8. Bd2
Bxc3 9. Bxc3 O-O 10. O-O-O d6 11. h4 Nd7 12. Ng5 Nxg5 13. hxg5 Qxg5 14. Rh2 Rf7
15. Bd2 Qe7 16. g4 g6 17. gxf5 exf5 18. Rg1 Be4 19. f3 Bxd3 20. Qxd3 Re8 21.
Re2 Qh4 22. Be1 Qh6 23. Bd2 Qh4 24. e4 fxe4 25. Rxe4 Rxe4 26. fxe4 Qf2 27. Re1
h5 28. e5 Qf5 29. Qxf5 Rxf5 30. e6 Nf6 31. Bh6 c6 32. Bd2 d5 33. b3 g5 34. Rg1
g4 35. Bb4 h4 36. Be7 Rf4 37. Bxf6 Rxf6 38. Rxg4+ Kf8 39. Rxh4 dxc4 40. bxc4
Rxe6 41. Kd2 Ke7 42. Rh7+ Kd6 43. Rxa7 Rh6 44. Kc3 Rh3+ 45. Kb4 Rh4 46. Kc3
Rh3+ 47. Kb4 Rh4 48. Kc3 Rh3+ 1/2-1/2

[Event "Mercredi 2013.04.03 ABCD"]
[Site "Montreal"]
[Date "2013.04.24"]
[Round "4"]
[White "Boudreau, Daniel"]
[Black "Marchand, Jacques"]
[Result "1-0"]
[WhiteElo "2085"]
[BlackElo "2041"]
[PlyCount "51"]
[EventDate "2013.04.03"]
[EventRounds "5"]
[EventCountry "CAN"]
[SourceDate "2005.09.12"]

1. e4 e6 2. d4 d5 3. e5 c5 4. c3 Nc6 5. Nf3 Qb6 6. Bd3 Bd7 7. O-O cxd4 8. cxd4
Nxd4 9. Nxd4 Qxd4 10. Nc3 a6 11. Qe2 Ne7 12. Kh1 Rc8 13. f4 Qa7 14. f5 b5 15.
Bg5 b4 16. fxe6 Bxe6 17. Na4 Nc6 18. Bxa6 Nd4 19. Be3 Nxe2 20. Bxa7 Ra8 21.
Bb5+ Bd7 22. Bxd7+ Kxd7 23. Nb6+ Kc6 24. Nxa8 Kb7 25. Rxf7+ Kxa8 26. Raf1 1-0

[Event "Mercredi 2013.04.03 ABCD"]
[Site "Montreal"]
[Date "2013.04.24"]
[Round "4"]
[White "Cloutier, Mathieu"]
[Black "Gilniat, Goeffrey"]
[Result "1-0"]
[WhiteElo "2045"]
[BlackElo "1989"]
[PlyCount "71"]
[EventDate "2013.04.03"]
[EventRounds "5"]
[EventCountry "CAN"]
[SourceDate "2005.09.12"]

1. e4 d6 2. d4 Nf6 3. Nc3 g6 4. f4 Bg7 5. Nf3 c5 6. Bb5+ Bd7 7. e5 Ng4 8. Bxd7+
Qxd7 9. d5 O-O 10. h3 Nh6 11. g4 Na6 12. Qe2 Nc7 13. Be3 b5 14. O-O-O b4 15.
Ne4 Qa4 16. Qc4 Nb5 17. Rd3 Rac8 18. Ng3 Rc7 19. g5 Nf5 20. Nxf5 gxf5 21. Nh4
dxe5 22. fxe5 Bxe5 23. Nxf5 Nd6 24. Nxd6 exd6 25. h4 Re7 26. h5 Qe8 27. Bd2 Bd4
28. Rf3 Be3 29. Rf6 Bxd2+ 30. Kxd2 Re4 31. Qf1 Rd4+ 32. Kc1 Rxd5 33. g6 fxg6
34. hxg6 hxg6 35. Rxf8+ Qxf8 36. Rh8+ 1-0

[Event "Mercredi 2013.04.03 ABCD"]
[Site "Montreal"]
[Date "2013.04.24"]
[Round "4"]
[White "Dumouchel, Alain"]
[Black "Luo, Zhao Yang"]
[Result "0-1"]
[WhiteElo "1919"]
[BlackElo "2054"]
[PlyCount "106"]
[EventDate "2013.04.03"]
[EventRounds "5"]
[EventCountry "CAN"]
[SourceDate "2005.09.12"]

1. e4 c6 2. d4 d5 3. Nc3 dxe4 4. Nxe4 Bf5 5. Ng3 Bg6 6. h4 h6 7. Nf3 Nd7 8. h5
Bh7 9. Bd3 Bxd3 10. Qxd3 Ngf6 11. Bd2 e6 12. Kf1 Be7 13. Re1 O-O 14. Rh4 c5 15.
Kg1 Qb6 16. Nf5 exf5 17. Rxe7 Qd6 18. Re1 Ne4 19. Bf4 Qb6 20. g4 cxd4 21. gxf5
Ndc5 22. Qf1 Qf6 23. b4 Ng5 24. Nxg5 hxg5 25. Be5 Qxf5 26. Rxd4 Ne6 27. Rde4
Rfd8 28. h6 gxh6 29. Qg2 Rd2 30. Bg3 Nd4 31. Bf4 g4 32. Bxd2 Nf3+ 33. Kf1 Nxd2+
34. Kg1 Nf3+ 35. Kf1 Nd2+ 36. Kg1 Nxe4 37. Rxe4 h5 38. Rc4 Rd8 39. Qxb7 Rd1+
40. Kg2 Rd2 41. Qc8+ Qxc8 42. Rxc8+ Kg7 43. Kg3 Kf6 44. Rc5 Kg6 45. f4 f6 46.
a4 Rd4 47. Rc7 Rxb4 48. a5 Rb2 49. a6 Ra2 50. c3 Rxa6 51. Kh4 Ra5 52. c4 Ra3
53. f5+ Kxf5 0-1

[Event "Mercredi 2013.04.03 ABCD"]
[Site "Montreal"]
[Date "2013.04.24"]
[Round "4"]
[White "Heredia, Jose"]
[Black "Trottier, Luc"]
[Result "1-0"]
[WhiteElo "1778"]
[BlackElo "1613"]
[PlyCount "31"]
[EventDate "2013.04.03"]
[EventRounds "5"]
[EventCountry "CAN"]
[SourceDate "2005.09.12"]

1. e4 e6 2. d4 d5 3. Nc3 Nf6 4. e5 Nfd7 5. f4 c5 6. Nf3 Nc6 7. Be3 Qb6 8. Qd2
cxd4 9. Nxd4 Bb4 10. Nxe6 Nc5 11. Bxc5 Bxc3 12. bxc3 Qa5 13. Nxg7+ Kd8 14.
Qxd5+ Bd7 15. Rd1 Qxc3+ 16. Kf2 1-0

[Event "Mercredi 2013.04.03 ABCD"]
[Site "Montreal"]
[Date "2013.04.24"]
[Round "4"]
[White "Leveille, Francois"]
[Black "Tremblay, Alain"]
[Result "1/2-1/2"]
[WhiteElo "2331"]
[BlackElo "2104"]
[PlyCount "84"]
[EventDate "2013.04.03"]
[EventRounds "5"]
[EventCountry "CAN"]
[SourceDate "2005.09.12"]

1. e4 Nf6 2. e5 Nd5 3. d4 d6 4. Nf3 dxe5 5. Nxe5 g6 6. Bc4 c6 7. O-O Bg7 8. Re1
O-O 9. Bb3 a5 10. a4 Be6 11. h3 Na6 12. Nd2 Ndc7 13. Ndc4 Bxc4 14. Bxc4 e6 15.
c3 Nd5 16. Qg4 Nac7 17. Qg3 Ne7 18. Qf3 Ned5 19. g3 f6 20. Nd3 b6 21. Qe4 Qd7
22. Bf4 Rae8 23. h4 Re7 24. Rad1 Rfe8 25. Bc1 Rf7 26. Nf4 Nxf4 27. Bxf4 Nd5 28.
Bf1 Nxf4 29. Qxf4 Qc7 30. Qf3 Rfe7 31. Bc4 Kh8 32. h5 f5 33. hxg6 hxg6 34. Kg2
Bf6 35. Re2 Kg7 36. Rde1 e5 37. dxe5 Rxe5 38. Rxe5 Rxe5 39. Rd1 Re7 40. Bb3 c5
41. Qd3 Qe5 42. Kg1 f4 1/2-1/2

[Event "Mercredi 2013.04.03 ABCD"]
[Site "Montreal"]
[Date "2013.04.24"]
[Round "4"]
[White "Lopez, Lizandro"]
[Black "Cardin, Guillaume"]
[Result "1-0"]
[WhiteElo "2061"]
[BlackElo "2077"]
[PlyCount "111"]
[EventDate "2013.04.03"]
[EventRounds "5"]
[EventCountry "CAN"]
[SourceDate "2005.09.12"]

1. d4 Nf6 2. Nf3 g6 3. Bf4 Bg7 4. e3 d6 5. h3 O-O 6. Be2 c5 7. c3 Qb6 8. Qb3
Be6 9. Qa3 cxd4 10. exd4 Nd5 11. Bh2 Nd7 12. Nbd2 N7f6 13. O-O Nh5 14. Rfe1
Nhf4 15. Bf1 Bh6 16. g4 g5 17. Rac1 f5 18. c4 Nc7 19. Bxf4 gxf4 20. g5 Bg7 21.
b4 a5 22. c5 dxc5 23. bxc5 Qc6 24. Rb1 Nd5 25. Bb5 Qc8 26. Bc4 Bf7 27. Qb3 e6
28. Bxd5 exd5 29. Qxb7 Rb8 30. Qxc8 Rfxc8 31. Rb6 Rxb6 32. cxb6 Rb8 33. Rb1 Be8
34. Kf1 Kf7 35. Ke2 Ke7 36. Kd3 Kd6 37. Ne5 Bxe5 38. dxe5+ Kxe5 39. Nf3+ Kd6
40. Kd4 Rb7 41. Ne5 Rb8 42. h4 Rb7 43. Nd3 f3 44. Ne5 Rb8 45. Nxf3 Rb7 46. Ne5
Rb8 47. b7 f4 48. a3 Kc7 49. Kxd5 Rxb7 50. Rxb7+ Kxb7 51. Nd3 Bc6+ 52. Ke5 f3
53. h5 Be8 54. Nf4 Kb6 55. g6 hxg6 56. h6 1-0